00512nam a22001697a 450000500170000001000180001702000320003503500170006703700120008408200080009610000190010424500750012326000290019827000600022730000310028770000240031820130704113917.0 aB-5089342-943 c475.00 (V.I)a9788131768860 aB-508942-943 bKBD/Ven a547 aGanguly Ananya aFundamentals ofOrganic Chemistry for the JEE/ISEET/cby Ananya Ganguly aNew DelhibPearsonc2012 a11 Community Centre, Panchsheel ParkbNew Delhie110017 aVarious Pages.c25cm(pbk)  dK.J.Rajendra Prasad